RICS Valuation Global Standards 2025 (Record no. 122066)

MARC details
000 -LEADER
fixed length control field 01753cam a22002655a 4500
005 - DATE AND TIME OF LATEST TRANSACTION
control field 20260312153721.0
008 - FIXED-LENGTH DATA ELEMENTS--GENERAL INFORMATION
fixed length control field 241203t2024 xxk fo 000 0 eng d
020 ## - INTERNATIONAL STANDARD BOOK NUMBER
International Standard Book Number 9781783214518
020 ## - INTERNATIONAL STANDARD BOOK NUMBER
International Standard Book Number 9781783215386
041 0# - LANGUAGE CODE
Language code of text/sound track or separate title eng
110 2# - MAIN ENTRY--CORPORATE NAME
Corporate name or jurisdiction name as entry element Royal Institution of Chartered Surveyors
9 (RLIN) 4900
245 00 - TITLE STATEMENT
Title RICS Valuation Global Standards 2025
Medium [electronic resource]
260 ## - PUBLICATION, DISTRIBUTION, ETC.
Place of publication, distribution, etc. London,
Name of publisher, distributor, etc. RICS,
Date of publication, distribution, etc. November 2024
300 ## - PHYSICAL DESCRIPTION
Extent 296p.
490 ## - SERIES STATEMENT
Series statement RICS Red Book
520 ## - SUMMARY, ETC.
Summary, etc. Published December 2024, effective from 31 Jan 2025
520 ## - SUMMARY, ETC.
Summary, etc. Supersedes Global Red Book 2022 ISBN 9781783214518
520 ## - SUMMARY, ETC.
Summary, etc. The latest version makes several crucial updates. These include: Aligning with other relevant global standards, such as the latest International Valuation Standards (IVS), published by the International Valuation Standards Council (IVSC), of which RICS is a member; <br/>Incorporating new content on modelling, methods and risk assessment; <br/>Practice and process changes regarding rapidly developing technologies such as AI, and, for the first time, a mandatory Environmental, Social and Governance principles (ESG) element;<br/>The reform to AI regulation includes a commitment to transparency in its use and consistent professional judgement in its application, as well as confidentiality and data rights protections. Meanwhile, Valuers must now record relevant ESG data and consider any factors related which might impact valuation.
650 24 - SUBJECT ADDED ENTRY--TOPICAL TERM
Topical term or geographic name entry element RED BOOK
650 24 - SUBJECT ADDED ENTRY--TOPICAL TERM
Topical term or geographic name entry element GLOBAL VALUATION STANDARDS 2022
651 #4 - SUBJECT ADDED ENTRY--GEOGRAPHIC NAME
Geographic name International
690 ## - LOCAL SUBJECT ADDED ENTRY--TOPICAL TERM (OCLC, RLIN)
Topical term or geographic name as entry element Valuation
9 (RLIN) 6273
856 40 - ELECTRONIC LOCATION AND ACCESS
Uniform Resource Identifier <a href="https://www.rics.org/content/dam/ricsglobal/documents/standards/Red-Book-Global-Standards-incorporating-IVS.pdf">https://www.rics.org/content/dam/ricsglobal/documents/standards/Red-Book-Global-Standards-incorporating-IVS.pdf</a>
Public note Available free on RICS.org
942 ## - ADDED ENTRY ELEMENTS (KOHA)
Suppress in OPAC 0
Source of classification or shelving scheme Dewey Decimal Classification
Holdings
Withdrawn status Lost status Damaged status Not for loan Home library Current library Shelving location Date acquired Total Checkouts Date last seen Price effective from Koha item type
        Virtual Virtual Online 03/12/2024   03/12/2024 03/12/2024 Online material